OFT launches groundbreaking study into UK housebuilding market (Record no. 78917)
[ view plain ]
| 000 -LEADER | |
|---|---|
| fixed length control field | 01270cab a22002055a 4500 |
| 001 - CONTROL NUMBER | |
| control field | L138577 |
| 008 - FIXED-LENGTH DATA ELEMENTS--GENERAL INFORMATION | |
| fixed length control field | 070622e20070622xxk f f000 0 eng d |
| 035 ## - SYSTEM CONTROL NUMBER | |
| System control number | (Sirsi) u138577 |
| 041 0# - LANGUAGE CODE | |
| Language code of text/sound track or separate title | eng |
| 110 1# - MAIN ENTRY--CORPORATE NAME | |
| Corporate name or jurisdiction name as entry element | United Kingdom |
| Subordinate unit | Office of Fair Trading |
| 9 (RLIN) | 4767 |
| 245 00 - TITLE STATEMENT | |
| Title | OFT launches groundbreaking study into UK housebuilding market |
| Medium | [electronic resource] |
| 260 ## - PUBLICATION, DISTRIBUTION, ETC. | |
| Date of publication, distribution, etc. | 2007 |
| 490 ## - SERIES STATEMENT | |
| Series statement | OFT Press Release |
| Volume/sequential designation | 22 June 2007 |
| 520 ## - SUMMARY, ETC. | |
| Summary, etc. | Announces the launch of a study into the UK housebuilding industry. The study is to consider potential competition and market consumer concerns. It will question the effectiveness of the planning process in allowing suitable land to be developed. Analysis will be made of whether such land is being effectively converted into residences. Customer satisfaction with the resulting home market will be analysed. Recommendations to government or market sector regulators may be made if the OFT feels from the study that this is warranted. It is currently concerned that the market is failing consumers. |
| 590 ## - LOCAL NOTE (RLIN) | |
| Local note | KA NTK |
| 651 #4 - SUBJECT ADDED ENTRY--GEOGRAPHIC NAME | |
| Geographic name | United Kingdom |
| Chronological subdivision | |
| 690 ## - LOCAL SUBJECT ADDED ENTRY--TOPICAL TERM (OCLC, RLIN) | |
| Topical term or geographic name as entry element | BUILT ENVIRONMENT-CONSTRUCTION MARKET |
| 856 40 - ELECTRONIC LOCATION AND ACCESS | |
| Uniform Resource Identifier | <a href="https://www.oft.gov.uk/news/press/2007/90-07">https://www.oft.gov.uk/news/press/2007/90-07</a> |
| Public note | View the article free of charge at www.oft.gov.uk... |
| 942 ## - ADDED ENTRY ELEMENTS (KOHA) | |
| Suppress in OPAC | 0 |
| Withdrawn status | Lost status | Source of classification or shelving scheme | Damaged status | Not for loan | Home library | Current library | Shelving location | Date acquired | Total Checkouts | Full call number | Barcode | Date last seen | Copy number | Price effective from | Koha item type |
|---|---|---|---|---|---|---|---|---|---|---|---|---|---|---|---|
| Dewey Decimal Classification | Virtual | Virtual | Online | 22/06/2007 | ONLINE PUBLICATION | 138577-1001 | 06/08/2019 | 1 | 06/08/2019 | Journal article |